UBT Library

Statistical methods and the geographer / (Record no. 43402)

000 -LEADER
fixed length control field 00570cam a2200217 i 4500
001 - CONTROL NUMBER
control field 2420682
005 - DATE AND TIME OF LATEST TRANSACTION
control field 20180226034827.0
008 - FIXED-LENGTH DATA ELEMENTS--GENERAL INFORMATION
fixed length control field 870423r19871978enk b 001 0 eng
010 ## - LIBRARY OF CONGRESS CONTROL NUMBER
LC control number 87003291
020 ## - INTERNATIONAL STANDARD BOOK NUMBER
International Standard Book Number 0470204834 (Wiley)
040 ## - CATALOGING SOURCE
Original cataloging agency DLC
Transcribing agency DLC
Modifying agency DLC
041 ## - LANGUAGE CODE
Language code of text/sound track or separate title eng
080 ## - UNIVERSAL DECIMAL CLASSIFICATION NUMBER
Universal Decimal Classification number 519.502491 GRE
082 00 - DEWEY DECIMAL CLASSIFICATION NUMBER
Classification number 519.502491 GRE
Edition number 19
100 1# - Rafti
Rafti 41
101 ## - Shkurtesa
Shkurtesa GJEO
245 10 - TITLE STATEMENT
Title Statistical methods and the geographer /
Statement of responsibility, etc S. Gregory.
504 ## - BIBLIOGRAPHY, ETC. NOTE
Bibliography, etc Bibliography: p. 229-234.
906 ## - LOCAL DATA ELEMENT F, LDF (RLIN)
a 7
b cbc
c orignew
d 1
e ocip
f 19
g y-gencatlg
942 ## - ADDED ENTRY ELEMENTS (KOHA)
Source of classification or shelving scheme
Item type Books
Holdings
Withdrawn status Lost status Source of classification or shelving scheme Damaged status Not for loan Collection code Permanent location Current location Shelving location Date acquired Total Checkouts Full call number Barcode Date last seen Price effective from Koha item type
          Koleksioni i përgjithshem UBT - Lipjan UBT - Lipjan Koleksioni i përgjithshem 02/26/2018   519.502491 GRE 002-2999522 02/26/2018 02/26/2018 Books
UBT Library © 2015-2024. All rights reserved University Education for Business and Technology